Preparación y evaluación de proyectos
Guardat en:
| Autors principals: | , |
|---|---|
| Format: | Llibre |
| Idioma: | espanyol |
| Publicat: |
Bogotá
McGraw-Hill
1995
|
| Edició: | 3a. ed |
| Matèries: | |
| Etiquetes: |
Afegir etiqueta
Sense etiquetes, Sigues el primer a etiquetar aquest registre!
|
MARC
| LEADER | 00000nam a2200000 a 4500 | ||
|---|---|---|---|
| 001 | UCZ4071 | ||
| 003 | CL-VaPUC | ||
| 005 | 20240122163540.0 | ||
| 008 | 951106e19950000CK |||||||||||||||||spa|d | ||
| 999 | |c 240502 |d 240500 | ||
| 020 | |a 9586003388 | ||
| 040 | |c Pontificia Universidad Católica de Valparaíso | ||
| 082 | 0 | 4 | |a 658.404 |b SAP |2 21 |
| 100 | 0 | |a Sapag Chain, Nassir |e author |9 347973 | |
| 245 | 1 | 0 | |a Preparación y evaluación de proyectos |
| 250 | |a 3a. ed | ||
| 260 | |a Bogotá |b McGraw-Hill |c 1995 | ||
| 300 | |a 404 p | ||
| 583 | |a last modification |c 19951106 00:00:00 |k Rodrigo Vera | ||
| 650 | 0 | |a Método de proyectos |9 259340 | |
| 650 | 0 | |a Evaluación de proyectos |9 260970 | |
| 700 | 0 | |a Sapag Chain, Reinaldo |e author |9 347974 | |
| 942 | |c BK |2 ddc | ||
| 945 | |d 19951106 00:00:00 |a rleighto | ||
| 952 | |0 0 |1 0 |4 0 |6 658_404000000000000_SAP_1995 |7 0 |8 A |9 252396 |a BIBENE |b BIBENE |d 2019-11-18 |i 3141748 |o 658.404 SAP 1995 |p 3141748 |r 2025-01-15 |w 2019-11-18 |y BK |k ICO | ||
| 952 | |0 0 |1 0 |4 0 |6 658_404000000000000_SAP_1995 |7 0 |8 A |9 252397 |a BIBALI |b BIBALI |c RES |d 2019-11-18 |i 3138992 |o 658.404 SAP 1995 |p 3138992 |r 2025-01-20 |w 2019-11-18 |y BK_R |k ALI | ||
| 952 | |0 0 |1 0 |4 0 |6 658_404000000000000_SAP_1995 |7 0 |8 A |9 252398 |a BIBALI |b BIBALI |c RES |d 2019-11-18 |i 313900K |o 658.404 SAP 1995 |p 313900K |r 2025-01-20 |w 2019-11-18 |y BK_R |k ALI | ||
| 952 | |0 0 |1 0 |4 0 |6 658_404000000000000_SAP_1995 |7 0 |8 A |9 252399 |a BIBALI |b BIBALI |c RES |d 2019-11-18 |i 3139018 |o 658.404 SAP 1995 |p 3139018 |r 2025-01-20 |w 2019-11-18 |y BK_R |k ALI | ||
| 952 | |0 0 |1 0 |4 0 |6 658_404000000000000_SAP_1995 |7 0 |8 P |9 252400 |a BIBEDU |b BIBEDU |c BIBEDU_PB |d 2019-11-18 |i 3161234 |o 658.404 SAP 1995 |p 3161234 |r 2024-01-25 |w 2019-11-18 |y BK |k EDU | ||
| 952 | |0 0 |1 0 |4 0 |6 658_404000000000000_SAP_1995 |7 0 |8 A |9 252401 |a BIBENE |b BIBENE |d 2019-11-18 |i 3156109 |o 658.404 SAP 1995 |p 3156109 |r 2025-01-15 |w 2019-11-18 |y BK |k ICO | ||
| 952 | |0 0 |1 0 |4 0 |6 658_404000000000000_SAP_1995 |7 0 |8 A |9 252406 |a BIBALI |b BIBALI |c RES |d 2019-11-18 |i 3224457 |o 658.404 SAP 1995 |p 3224457 |r 2025-01-20 |w 2019-11-18 |y BK_R |k ALI | ||
| 952 | |0 0 |1 0 |4 0 |6 658_404000000000000_SAP_1995 |7 0 |8 A |9 252408 |a BIBENE |b BIBENE |d 2019-11-18 |i 3292290 |o 658.404 SAP 1995 |p 3292290 |r 2025-01-15 |w 2019-11-18 |y BK |k ICO | ||
| 952 | |0 0 |1 1 |2 ddc |4 0 |6 658_404000000000000_SAP_1995 |7 0 |8 A |9 252411 |a BIBAGR |b BIBAGR |d 2019-11-18 |i 3411877 |o 658.404 SAP 1995 |p 3411877 |r 2019-11-18 |w 2019-11-18 |y BK |k AGR | ||
| 952 | |0 0 |1 0 |4 0 |6 658_404000000000000_SAP_1995 |7 0 |8 A |9 252414 |a BIBGIM |b BIBGIM |d 2019-11-18 |i 3432165 |o 658.404 SAP 1995 |p 3432165 |r 2025-01-15 |w 2019-11-18 |y BK |k GIM | ||
| 952 | |0 0 |1 0 |4 0 |6 658_404000000000000_SAP_1995 |7 0 |8 A |9 252415 |a BIBGIM |b BIBGIM |d 2019-11-18 |i 3535630 |o 658.404 SAP 1995 |p 3535630 |r 2025-01-15 |w 2019-11-18 |y BK |k GIM | ||
| 952 | |0 0 |1 0 |4 0 |6 658_404000000000000_SAP_1995 |7 0 |8 A |9 252416 |a BIBGIM |b BIBGIM |d 2019-11-18 |i 3535649 |o 658.404 SAP 1995 |p 3535649 |r 2025-01-15 |w 2019-11-18 |y BK |k GIM | ||
| 952 | |0 0 |1 0 |4 0 |6 658_404000000000000_SAP_1995 |7 0 |8 A |9 252417 |a BIBGIM |b BIBGIM |d 2019-11-18 |i 3589919 |o 658.404 SAP 1995 |p 3589919 |r 2025-01-15 |w 2019-11-18 |y BK |k COM | ||
| 952 | |0 0 |1 0 |4 0 |6 658_404000000000000_SAP_1995 |7 0 |8 A |9 252419 |a BIBING |b BIBING |d 2019-11-18 |i 4766008 |o 658.404 SAP 1995 |p 4766008 |r 2025-01-20 |w 2019-11-18 |y BK |k EII | ||